000 00485nam a2200145Ia 4500
008 090122s9999 xx 000 0 und d
082 _b9532
100 _aतासगावकर
_bशशिकांत
245 _aघराणं तमासगिराचं
600 _aतासगावकर
630 _aघराणं तमासगिराचं
700 _aतासगावकर
730 _aघराणं तमासगिराचं
942 _cBOOK
999 _c33609
_d33609